| 000 | 01545cam a22004097a 4500 | ||
|---|---|---|---|
| 003 | CHAP | ||
| 005 | 20220329142940.0 | ||
| 008 | 050406d2003 us a r 00010 spa d | ||
| 010 | _a90000 | ||
| 011 | _a90972 | ||
| 035 | _a101529 | ||
| 040 | _cCHAP | ||
| 082 | 0 | 4 |
_a361.762 _bF8Y |
| 110 | 2 |
_aFundación W. K. Kellogg _944017 |
|
| 245 | 1 | 0 |
_aInforme anual de la Fundación W.K. Kellogg _c/por Fundación W.K Kellogg |
| 260 |
_aBattle Creek, Mich. : _bFundación Kellogg, _c2000- |
||
| 300 | _av. | ||
| 500 | _aLa biblioteca tiene : 2003, 2004, 2005, 2006, 2008 | ||
| 590 |
_aBATCH-UPD _b10 _c20130110 _lUCH01 _h1112 |
||
| 590 |
_aBATCH-UPD _b10 _c20130410 _lUCH01 _h0703 |
||
| 590 |
_aBATCH-UPD _b10 _c20130914 _lUCH01 _h1408 |
||
| 590 |
_aCONVERSION _b10 _c20130109 _lUCH01 _h1350 |
||
| 650 | 1 | 4 |
_aFinanzas. _940930 |
| 650 | 1 | 4 |
_aFundación W. K. Kellogg _944018 |
| 650 | 1 | 4 |
_aNiños. _981369 |
| 650 | 1 | 4 |
_aParticipación ciudadana _985800 |
| 650 | 1 | 4 |
_aPolítica social. _990696 |
| 650 | 1 | 4 |
_aTrabajo social. _9114502 |
| 901 | _aBK | ||
| 905 | _aLilia | ||
| 942 | _cLIBRO | ||
| 949 |
_a361.762 F8Y _bBC _cLIBRO _d33724000953329 _eLIBRO _f2003 _h105450 _i101529 _sb |
||
| 949 |
_a361.762 F8Y _bBC _cLIBRO _d33724000972956 _eLIBRO _f2004 _h107426 _i101529 _sb |
||
| 949 |
_a361.762 F8Y _bBC _cLIBRO _d33724002040660 _eLIBRO _f2005 _gDonaciØn _h108832 _i101529 _sb |
||
| 949 |
_a361.762 F8Y _bBC _cLIBRO _d33724002077629 _eLIBRO _f2006 _gDonaciØn _h109847 _i101529 _sb |
||
| 949 |
_a361.762 F8Y _bBC _cLIBRO _d33724002098231 _eLIBRO _f2008 _gDonaciØn _h113925 _i101529 _sb |
||
| 999 |
_c90000 _d90000 |
||